[Event "15. Obert Int. Sant Marti 2013"]
[Site "Barcelona ESP"]
[Date "2013.07.16"]
[Round "4.22"]
[White "Guerrero Sierra, Juan Carlos"]
[Black "Perpinya Rofes, Lluis Maria"]
[Result "0-1"]
[WhiteElo "2227"]
[BlackElo "2400"]
[PlyCount "136"]
[EventDate "2013.07.13"]
[EventType "swiss"]
[EventRounds "9"]
[EventCountry "ESP"]
[SourceTitle "Ajedrez en Madrid"]
[Source "lmi"]
[SourceDate "2013.07.13"]
[SourceVersion "1"]
[SourceVersionDate "2019.06.21"]
[SourceQuality "1"]

1. e4 c5 2. Nf3 Nc6 3. d4 cxd4 4. Nxd4 Nf6 5. Nc3 d6 6. Bg5 e6 7. Qd2 a6 8.
O-O-O Bd7 9. f4 b5 10. Bxf6 gxf6 11. Kb1 Qb6 12. Nce2 h5 13. g3 Rc8 14. Bg2 Na5
15. b3 Nc6 16. Rhe1 Nxd4 17. Nxd4 Qc5 18. Re3 h4 19. g4 Bh6 20. Ne2 e5 21. Rc3
Qb6 22. Rxc8+ Bxc8 23. g5 fxg5 24. fxg5 Bg7 25. Nc3 Be6 26. Qxd6 Qxd6 27. Rxd6
Rh5 28. Rxa6 Rxg5 29. Bf3 Rg1+ 30. Kb2 b4 31. Nd1 Bh6 32. Ra8+ Ke7 33. Rh8 Bg5
34. a3 Rf1 35. Bh5 bxa3+ 36. Kxa3 Rh1 37. c4 Rxh2 38. Kb4 Rg2 39. Kb5 h3 40.
Nc3 Rg3 41. Nd5+ Bxd5 42. exd5 Rxb3+ 43. Kc6 Rd3 44. Rh7 h2 45. Rxf7+ Ke8 46.
Rf2+ Ke7 47. Rxh2 Rc3 48. d6+ Ke6 49. Bg4+ Kf7 50. Rf2+ Kg7 51. Be6 e4 52. Rg2
Kf6 53. Rxg5 Kxe6 54. Rc5 Ra3 55. Rh5 Ra6+ 56. Kc7 Ra7+ 57. Kb6 Ra1 58. c5 e3
59. Rh2 Rd1 60. Re2 Kd7 61. Rxe3 Rb1+ 62. Ka5 Kc6 63. Rc3 Rb2 64. Ka4 Rb5 65.
d7 Rb8 66. Rd3 Rd8 67. Ka5 Kxc5 68. Ka4 Kc4 0-1

[Event "15. Obert Int. Sant Marti 2013"]
[Site "Barcelona ESP"]
[Date "2013.07.16"]
[Round "4.23"]
[White "Anurag, Mhamal"]
[Black "Dukaczewski, Piotr"]
[Result "1-0"]
[WhiteElo "2418"]
[BlackElo "2226"]
[PlyCount "22"]
[EventDate "2013.07.13"]
[EventType "swiss"]
[EventRounds "9"]
[EventCountry "ESP"]
[SourceTitle "Ajedrez en Madrid"]
[Source "lmi"]
[SourceDate "2013.07.13"]
[SourceVersion "1"]
[SourceVersionDate "2019.06.21"]
[SourceQuality "1"]

1. e4 e6 2. Qe2 c5 3. f4 Nc6 4. Nf3 Nf6 5. g3 b6 6. Bg2 Bb7 7. O-O Be7 8. d3 d5
9. e5 Nd7 10. f5 Nf8 11. c4 d4 1-0

[Event "15. Obert Int. Sant Marti 2013"]
[Site "Barcelona ESP"]
[Date "2013.07.16"]
[Round "4.24"]
[White "Sequera Paolini, Jose"]
[Black "Silva, Luis Neves Da"]
[Result "1/2-1/2"]
[WhiteElo "2394"]
[BlackElo "2218"]
[PlyCount "98"]
[EventDate "2013.07.13"]
[EventType "swiss"]
[EventRounds "9"]
[EventCountry "ESP"]
[SourceTitle "Ajedrez en Madrid"]
[Source "lmi"]
[SourceDate "2013.07.13"]
[SourceVersion "1"]
[SourceVersionDate "2019.06.21"]
[SourceQuality "1"]

1. e4 c5 2. Nf3 d6 3. d4 cxd4 4. Nxd4 Nf6 5. Nc3 a6 6. f4 e5 7. Nf3 Nbd7 8. a4
Be7 9. Bd3 O-O 10. O-O Nc5 11. Kh1 exf4 12. Bxf4 Bg4 13. Qe1 Bh5 14. Nh4 Nd5
15. Nxd5 Bxh4 16. Bg3 Bxg3 17. Qxg3 Bg6 18. Rf4 Re8 19. b4 Nd7 20. Raf1 Rc8 21.
h4 Re5 22. Rg4 Nf8 23. Rf5 Nd7 24. Rf1 Nf8 25. Ne3 h5 26. Rgf4 Ne6 27. R4f2
Bxe4 28. Rxf7 Bxd3 29. cxd3 Rc7 30. Nf5 Kxf7 31. Nxd6+ Kg8 32. Qxe5 Qxh4+ 33.
Kg1 Qd4+ 34. Qxd4 Nxd4 35. Re1 Rd7 36. Re8+ Kh7 37. Ne4 Nc2 38. Re6 Kg8 39. b5
axb5 40. axb5 Nb4 41. Re8+ Kf7 42. Rb8 Nxd3 43. Rxb7 Rxb7 44. Nd6+ Ke6 45. Nxb7
Kd5 46. Nd8 Kc5 47. Ne6+ Kxb5 48. Nxg7 Nf4 49. Kf2 Nxg2 1/2-1/2

[Event "15. Obert Int. Sant Marti 2013"]
[Site "Barcelona ESP"]
[Date "2013.07.16"]
[Round "4.25"]
[White "Valdes Romero, Leonardo"]
[Black "Dalo, Hermes"]
[Result "1/2-1/2"]
[WhiteElo "2444"]
[BlackElo "2148"]
[PlyCount "167"]
[EventDate "2013.07.13"]
[EventType "swiss"]
[EventRounds "9"]
[EventCountry "ESP"]
[SourceTitle "Ajedrez en Madrid"]
[Source "lmi"]
[SourceDate "2013.07.13"]
[SourceVersion "1"]
[SourceVersionDate "2019.06.21"]
[SourceQuality "1"]

1. Nf3 c5 2. c4 Nc6 3. g3 e5 4. Nc3 g6 5. Bg2 Bg7 6. O-O Nge7 7. a3 a5 8. Ne1
O-O 9. d3 d6 10. Nc2 Be6 11. Ne3 Rb8 12. Ned5 h6 13. Rb1 Kh8 14. Bd2 f5 15. b4
b6 16. Nxe7 Nxe7 17. bxa5 bxa5 18. Rxb8 Qxb8 19. Nb5 d5 20. Qc1 dxc4 21. dxc4
Kh7 22. Bxa5 e4 23. Bc7 Qc8 24. Bd6 Rf7 25. f3 exf3 26. Bxf3 Nc6 27. Bd5 Nd4
28. Nxd4 cxd4 29. Bb4 Bxd5 30. cxd5 Qe8 31. Qd2 h5 32. Qd3 Bh6 33. Bd2 Bxd2 34.
Qxd2 Qe5 35. Rf4 Qxd5 36. Qxd4 Qxd4+ 37. Rxd4 Ra7 38. a4 Kg7 39. Kf2 Kf6 40.
Rb4 Ra6 41. h4 g5 42. a5 Rxa5 43. Rb6+ Ke5 44. hxg5 f4 45. g6 fxg3+ 46. Kxg3
Ra4 47. e3 Rg4+ 48. Kf3 Kf5 49. e4+ Ke5 50. Rb5+ Kf6 51. Rxh5 Rxg6 52. Kf4 Ke6
53. Re5+ Kd6 54. Ra5 Rf6+ 55. Ke3 Rf1 56. Rd5+ Ke6 57. Rd2 Re1+ 58. Kd4 Ra1 59.
Rd3 Ra4+ 60. Ke3 Ke5 61. Rd5+ Ke6 62. Rb5 Ra1 63. Kd2 Ra4 64. Kd3 Ra3+ 65. Ke2
Rh3 66. Rf5 Ra3 67. Rf3 Rxf3 68. Kxf3 Ke5 69. Ke3 Ke6 70. Kd4 Kd6 71. e5+ Ke6
72. Ke4 Ke7 73. Kd5 Kd7 74. Kd4 Ke6 75. Ke4 Ke7 76. Kf5 Kf7 77. e6+ Ke7 78. Ke5
Ke8 79. Kd4 Kd8 80. Kd5 Ke7 81. Ke5 Ke8 82. Kf6 Kf8 83. e7+ Ke8 84. Ke6 1/2-1/2

[Event "15. Obert Int. Sant Marti 2013"]
[Site "Barcelona ESP"]
[Date "2013.07.16"]
[Round "4.26"]
[White "Guttulsrud, Odd Martin"]
[Black "Munoz Pantoja, Miguel"]
[Result "0-1"]
[WhiteElo "2212"]
[BlackElo "2457"]
[PlyCount "80"]
[EventDate "2013.07.13"]
[EventType "swiss"]
[EventRounds "9"]
[EventCountry "ESP"]
[SourceTitle "Ajedrez en Madrid"]
[Source "lmi"]
[SourceDate "2013.07.13"]
[SourceVersion "1"]
[SourceVersionDate "2019.06.21"]
[SourceQuality "1"]

1. e4 c5 2. Nf3 Nc6 3. d4 cxd4 4. Nxd4 e5 5. Nb5 d6 6. c4 Be7 7. N1c3 a6 8. Na3
Nf6 9. Be2 Nd4 10. Nc2 Nxe2 11. Qxe2 Be6 12. Ne3 Rc8 13. O-O O-O 14. Rd1 Qc7
15. Ned5 Bxd5 16. Nxd5 Nxd5 17. cxd5 Qc2 18. Kf1 f5 19. exf5 Qxf5 20. Rd3 e4
21. Rd4 Bf6 22. Rxe4 Qxd5 23. Bf4 Rfd8 24. Rd1 Qxa2 25. Rb4 b5 26. Bxd6 Re8 27.
Qd3 Rcd8 28. Qc2 Qe6 29. Bf4 a5 30. Rb3 Rxd1+ 31. Qxd1 Qc4+ 32. Qd3 Qxf4 33.
Qd5+ Kh8 34. Re3 Rf8 35. Qxb5 Bd4 36. Rf3 Qc1+ 37. Ke2 Qc2+ 38. Ke1 Rd8 39. g3
Bxf2+ 40. Kf1 Bc5 0-1

[Event "15. Obert Int. Sant Marti 2013"]
[Site "Barcelona ESP"]
[Date "2013.07.16"]
[Round "4.27"]
[White "Aloma Vidal, Robert"]
[Black "Blandon Villa, Diego F"]
[Result "1-0"]
[WhiteElo "2421"]
[BlackElo "2196"]
[PlyCount "107"]
[EventDate "2013.07.13"]
[EventType "swiss"]
[EventRounds "9"]
[EventCountry "ESP"]
[SourceTitle "Ajedrez en Madrid"]
[Source "lmi"]
[SourceDate "2013.07.13"]
[SourceVersion "1"]
[SourceVersionDate "2019.06.21"]
[SourceQuality "1"]

1. d4 Nf6 2. c4 g6 3. Nc3 Bg7 4. e4 d6 5. Nf3 O-O 6. Be2 e5 7. Be3 Ng4 8. Bg5
f6 9. Bc1 Nc6 10. d5 Ne7 11. h3 Nh6 12. h4 Nf7 13. h5 g5 14. Nd2 f5 15. exf5
Nxf5 16. Nde4 Kh8 17. Bd3 Qe7 18. g4 Nh4 19. Rg1 Bf6 20. Be3 Nh6 21. Rg3 Qg7
22. Nxf6 Rxf6 23. Ne4 Rf4 24. Bxf4 exf4 25. Rg1 f3 26. Kd2 Nxg4 27. Qc2 Bf5 28.
h6 Qxh6 29. Rxg4 Bxg4 30. Rg1 Ng2 31. Qc3+ Qg7 32. Qxg7+ Kxg7 33. Nxg5 h6 34.
Ne6+ Kf6 35. Nxc7 Rg8 36. Nb5 Nf4 37. Nxd6 Nxd3 38. Ne4+ Ke5 39. Kxd3 h5 40.
Ke3 Re8 41. Nc5 b6 42. Nd3+ Kf5+ 43. Kd4 Re4+ 44. Kc3 h4 45. b4 h3 46. c5 bxc5
47. bxc5 Re8 48. c6 h2 49. Rh1 Rh8 50. Kd4 Kf6 51. d6 Ke6 52. d7 Kd6 53. Rxh2
Rd8 54. Ne5 1-0

[Event "15. Obert Int. Sant Marti 2013"]
[Site "Barcelona ESP"]
[Date "2013.07.16"]
[Round "4.29"]
[White "Hernando Rodrigo, Julio Antonio"]
[Black "Ortiz De Latierro Olivella, Aitor"]
[Result "1-0"]
[WhiteElo "2327"]
[BlackElo "2078"]
[PlyCount "65"]
[EventDate "2013.07.13"]
[EventType "swiss"]
[EventRounds "9"]
[EventCountry "ESP"]
[SourceTitle "Ajedrez en Madrid"]
[Source "lmi"]
[SourceDate "2013.07.13"]
[SourceVersion "1"]
[SourceVersionDate "2019.06.21"]
[SourceQuality "1"]

1. d4 Nf6 2. c4 g6 3. Nc3 Bg7 4. e4 d6 5. Be2 O-O 6. Bg5 h6 7. Be3 Nbd7 8. Qd2
Kh7 9. g4 e5 10. d5 Ng8 11. h4 Ne7 12. h5 g5 13. Nh3 f6 14. O-O b6 15. b4 a5
16. a3 Bb7 17. Nb5 Ba6 18. c5 bxc5 19. bxa5 Nb8 20. a4 Qd7 21. Rfd1 Rd8 22. f3
Bf8 23. Qc2 Bb7 24. Na3 Ba6 25. Bc4 Bxc4 26. Nxc4 Na6 27. Nf2 Rab8 28. Nd3 c6
29. Nb6 Qa7 30. Qc4 cxd5 31. exd5 Nc7 32. Nxc5 Qxa5 33. Ncd7 1-0

[Event "15. Obert Int. Sant Marti 2013"]
[Site "Barcelona ESP"]
[Date "2013.07.16"]
[Round "4.30"]
[White "Basencyan, Mark"]
[Black "Alvarado Diaz, Alejandro"]
[Result "0-1"]
[WhiteElo "2130"]
[BlackElo "2313"]
[PlyCount "148"]
[EventDate "2013.07.13"]
[EventType "swiss"]
[EventRounds "9"]
[EventCountry "ESP"]
[SourceTitle "Ajedrez en Madrid"]
[Source "lmi"]
[SourceDate "2013.07.13"]
[SourceVersion "1"]
[SourceVersionDate "2019.06.21"]
[SourceQuality "1"]

1. d4 g6 2. c4 Bg7 3. Nc3 c5 4. d5 Bxc3+ 5. bxc3 f5 6. h4 Nf6 7. h5 Rg8 8. hxg6
hxg6 9. Nf3 Qa5 10. Qb3 d6 11. Ng5 Nbd7 12. Bf4 Nb6 13. f3 Bd7 14. e3 O-O-O 15.
Bd3 Qa6 16. Qc2 Rh8 17. Kf2 Rxh1 18. Rxh1 Nxc4 19. Qe2 b5 20. Bxc4 bxc4 21. Qd2
Qb7 22. e4 fxe4 23. fxe4 Rf8 24. g3 Bg4 25. Qc2 Kc7 26. Rb1 Qa6 27. Qb2 Nd7 28.
Qb5 Qxb5 29. Rxb5 a6 30. Rb2 Ne5 31. Ke3 Nd3 32. Rh2 Rb8 33. Ne6+ Kd7 34. Bg5
Bxe6 35. dxe6+ Kxe6 36. Rh7 Rb7 37. Rg7 Ne5 38. Kf4 a5 39. a4 Nc6 40. Rxg6+ Kd7
41. Bh6 Ne5 42. Rg8 Rb1 43. Ra8 Rf1+ 44. Ke3 Rf3+ 45. Kd2 Rxg3 46. Rxa5 Rg2+
47. Kd1 Ra2 48. Ra7+ Kc6 49. Bf8 Nd3 50. a5 Nf2+ 51. Ke1 Nxe4 52. Bxe7 d5 53.
Bf6 Nxf6 54. Ra6+ Kd7 55. Rxf6 Rxa5 56. Rf4 Ra1+ 57. Kd2 Rh1 58. Rg4 Ke6 59.
Rg6+ Ke5 60. Rc6 Rh2+ 61. Kd1 Ke4 62. Rxc5 Kd3 63. Rxd5+ Kxc3 64. Rb5 Rh1+ 65.
Ke2 Kc2 66. Rc5 c3 67. Rb5 Rh8 68. Rb7 Re8+ 69. Kf2 Kc1 70. Rb6 c2 71. Rb7 Re5
72. Rb8 Kd2 73. Rd8+ Kc3 74. Rc8+ Kb3 0-1

[Event "15. Obert Int. Sant Marti 2013"]
[Site "Barcelona ESP"]
[Date "2013.07.16"]
[Round "4.31"]
[White "Manelidou, Maria"]
[Black "Forsaa, Espen"]
[Result "0-1"]
[WhiteElo "2030"]
[BlackElo "2293"]
[PlyCount "84"]
[EventDate "2013.07.13"]
[EventType "swiss"]
[EventRounds "9"]
[EventCountry "ESP"]
[SourceTitle "Ajedrez en Madrid"]
[Source "lmi"]
[SourceDate "2013.07.13"]
[SourceVersion "1"]
[SourceVersionDate "2019.06.21"]
[SourceQuality "1"]

1. e4 c5 2. Nf3 e6 3. c4 Nc6 4. Nc3 Nge7 5. d4 cxd4 6. Nxd4 a6 7. Be3 g6 8. Be2
Bg7 9. O-O O-O 10. Qd2 f5 11. Rfd1 Qc7 12. Nxc6 dxc6 13. Bc5 Be5 14. g3 b6 15.
Bd6 Bxd6 16. Qxd6 Qxd6 17. Rxd6 fxe4 18. Nxe4 Nf5 19. Rd2 e5 20. c5 b5 21. Nd6
Nd4 22. Kg2 Be6 23. Bd3 g5 24. Be4 Ra7 25. b3 a5 26. Rf1 b4 27. f4 gxf4 28.
gxf4 Rg7+ 29. Kh1 Rg4 30. Rg2 Rxg2 31. Bxg2 Rxf4 32. Re1 Rf2 33. Rxe5 Rxa2 34.
Bxc6 Bxb3 35. Be4 Ra1+ 36. Kg2 Rc1 37. Re7 Rxc5 38. Bxh7+ Kf8 39. Ra7 Bd5+ 40.
Kg3 b3 41. Kf4 b2 42. Nb7 Rc7 0-1

[Event "15. Obert Int. Sant Marti 2013"]
[Site "Barcelona ESP"]
[Date "2013.07.16"]
[Round "4.32"]
[White "Zapata Arbelaez, Estiven"]
[Black "Uribe Arteaga, Daniel"]
[Result "0-1"]
[WhiteElo "2001"]
[BlackElo "2274"]
[PlyCount "84"]
[EventDate "2013.07.13"]
[EventType "swiss"]
[EventRounds "9"]
[EventCountry "ESP"]
[SourceTitle "Ajedrez en Madrid"]
[Source "lmi"]
[SourceDate "2013.07.13"]
[SourceVersion "1"]
[SourceVersionDate "2019.06.21"]
[SourceQuality "1"]

1. d4 d5 2. c4 c6 3. Nc3 Nf6 4. Nf3 a6 5. e3 b5 6. cxd5 cxd5 7. Qc2 e6 8. Ne5
Be7 9. Bd3 O-O 10. O-O Bb7 11. f4 Nbd7 12. Qe2 Rc8 13. Bd2 Ne4 14. a4 Nxd2 15.
Qxd2 b4 16. Ne2 Nf6 17. Ng3 Ne4 18. Bxe4 dxe4 19. Qe2 Qd5 20. Rac1 b3 21. Nc4
Rc6 22. Nd2 Rfc8 23. Rxc6 Qxc6 24. Ndxe4 Qxa4 25. f5 Bxe4 26. Nxe4 exf5 27.
Rxf5 Rc1+ 28. Rf1 Qa1 29. Rxc1 Qxc1+ 30. Kf2 a5 31. Nc3 Ba3 32. Na4 Qc6 33. Nc3
Bb4 34. Nb5 Qf6+ 35. Kg1 Qf5 36. e4 Qf4 37. e5 Qc1+ 38. Kf2 Qc2 39. Ke3 a4 40.
d5 Qxe2+ 41. Kxe2 a3 42. d6 a2 0-1

[Event "15. Obert Int. Sant Marti 2013"]
[Site "Barcelona ESP"]
[Date "2013.07.16"]
[Round "4.33"]
[White "Blandon, Luis Guillermo"]
[Black "Larsen, Karsten"]
[Result "0-1"]
[WhiteElo "1993"]
[BlackElo "2270"]
[PlyCount "86"]
[EventDate "2013.07.13"]
[EventType "swiss"]
[EventRounds "9"]
[EventCountry "ESP"]
[SourceTitle "Ajedrez en Madrid"]
[Source "lmi"]
[SourceDate "2013.07.13"]
[SourceVersion "1"]
[SourceVersionDate "2019.06.21"]
[SourceQuality "1"]

1. e4 e5 2. Nf3 Nc6 3. Bb5 a6 4. Ba4 Nf6 5. O-O b5 6. Bb3 Bc5 7. a4 Rb8 8. c3
d6 9. d4 Bb6 10. axb5 axb5 11. Qd3 Bd7 12. Na3 O-O 13. Nxb5 Qe8 14. Re1 Nb4 15.
cxb4 Bxb5 16. Qc3 exd4 17. Nxd4 Qe5 18. Nf3 Qh5 19. h3 Rbe8 20. Bc2 Bd7 21. Bg5
Re6 22. e5 dxe5 23. Rxe5 Rxe5 24. Qxe5 Re8 25. Qg3 Nd5 26. Bb3 Be6 27. b5 Qg6
28. Rc1 h6 29. Bc2 f5 30. Bh4 Qxg3 31. Bxg3 f4 32. Bh2 g5 33. Re1 Kf7 34. Bb3
Rd8 35. g3 Rd6 36. h4 Kf6 37. Re5 g4 38. gxf4 gxf3 39. Rh5 Kg7 40. f5 Nf4 41.
Bxf4 Bxb3 42. Bxd6 cxd6 43. f6+ Kg6 0-1

[Event "15. Obert Int. Sant Marti 2013"]
[Site "Barcelona ESP"]
[Date "2013.07.16"]
[Round "4.34"]
[White "Leiro Giralt, Daniel"]
[Black "Castillo Escario, Yolanda"]
[Result "1-0"]
[WhiteElo "2220"]
[BlackElo "1997"]
[PlyCount "103"]
[EventDate "2013.07.13"]
[EventType "swiss"]
[EventRounds "9"]
[EventCountry "ESP"]
[SourceTitle "Ajedrez en Madrid"]
[Source "lmi"]
[SourceDate "2013.07.13"]
[SourceVersion "1"]
[SourceVersionDate "2019.06.21"]
[SourceQuality "1"]

1. e4 e5 2. Nf3 Nc6 3. Bc4 Nf6 4. d4 exd4 5. O-O Nxe4 6. Re1 d5 7. Bxd5 Qxd5 8.
Nc3 Qa5 9. Nxe4 Be6 10. Neg5 O-O-O 11. Nxe6 fxe6 12. Rxe6 Bd6 13. Bg5 Rde8 14.
Qe1 Qxe1+ 15. Rexe1 Bb4 16. Rxe8+ Rxe8 17. Kf1 Re4 18. Rd1 Bc5 19. Nd2 Re5 20.
Nf3 Re4 21. Bd2 h6 22. Re1 Rxe1+ 23. Nxe1 Ne5 24. Ke2 Bd6 25. Nd3 Nc4 26. Bc1
Kd7 27. Kf3 Ke6 28. Ke4 c5 29. f4 Ne3 30. Bxe3 dxe3 31. Kxe3 g5 32. Ke4 c4 33.
f5+ Kf6 34. Nf2 h5 35. h3 b5 36. g4 h4 37. Kd5 Bf4 38. Ne4+ Kf7 39. Nd6+ Ke7
40. Nxb5 a6 41. Na3 c3 42. b3 Bd6 43. Nb1 Bb4 44. a3 Bd6 45. b4 Bf4 46. Nxc3
Bc1 47. b5 axb5 48. Nxb5 Bb2 49. a4 Kd7 50. a5 Kc8 51. a6 Bg7 52. Kc6 1-0

[Event "15. Obert Int. Sant Marti 2013"]
[Site "Barcelona ESP"]
[Date "2013.07.16"]
[Round "4.35"]
[White "Salomon, Johan"]
[Black "Kjolberg, Jens Hjorth"]
[Result "1-0"]
[WhiteElo "2211"]
[BlackElo "1999"]
[PlyCount "93"]
[EventDate "2013.07.13"]
[EventType "swiss"]
[EventRounds "9"]
[EventCountry "ESP"]
[SourceTitle "Ajedrez en Madrid"]
[Source "lmi"]
[SourceDate "2013.07.13"]
[SourceVersion "1"]
[SourceVersionDate "2019.06.21"]
[SourceQuality "1"]

1. d4 e6 2. c4 Nf6 3. Nf3 Bb4+ 4. Bd2 c5 5. Bxb4 cxb4 6. g3 b6 7. Bg2 Bb7 8.
O-O O-O 9. a3 bxa3 10. Rxa3 Qe7 11. Nc3 d6 12. Qd3 Nc6 13. e4 e5 14. d5 Nb4 15.
Qe2 Nd7 16. Na2 Nxa2 17. Rxa2 a5 18. Qe3 Nc5 19. Rfa1 Ba6 20. Nd2 a4 21. Re1
Rfb8 22. f4 f6 23. fxe5 fxe5 24. Bf1 b5 25. b4 Nd7 26. Rc1 bxc4 27. Rxa4 Bb5
28. Rxa8 Rxa8 29. Bxc4 Bxc4 30. Nxc4 Nf6 31. Rc2 Qb7 32. Qb6 Qxb6+ 33. Nxb6 Rb8
34. Rc8+ Rxc8 35. Nxc8 Nxe4 36. b5 Kf8 37. b6 Nc5 38. Nxd6 Ke7 39. b7 Nd7 40.
Nc4 Nb8 41. Nxe5 Kd6 42. Nc6 Kc7 43. Nxb8 Kxb8 44. Kf2 Kxb7 45. Ke3 Kc7 46. Ke4
Kd6 47. h4 1-0

[Event "15. Obert Int. Sant Marti 2013"]
[Site "Barcelona ESP"]
[Date "2013.07.16"]
[Round "4.36"]
[White "Grebstad, Kjell Borre"]
[Black "Salazar, Aura Cristina"]
[Result "0-1"]
[WhiteElo "2005"]
[BlackElo "2200"]
[PlyCount "106"]
[EventDate "2013.07.13"]
[EventType "swiss"]
[EventRounds "9"]
[EventCountry "ESP"]
[SourceTitle "Ajedrez en Madrid"]
[Source "lmi"]
[SourceDate "2013.07.13"]
[SourceVersion "1"]
[SourceVersionDate "2019.06.21"]
[SourceQuality "1"]

1. d4 Nf6 2. c4 g6 3. Nc3 Bg7 4. e4 d6 5. g3 c5 6. d5 O-O 7. Bg2 e6 8. Nge2
exd5 9. exd5 Nbd7 10. O-O Ne5 11. b3 Bf5 12. Bd2 Qd7 13. Nf4 Rfe8 14. a4 a5 15.
Ra2 h6 16. f3 g5 17. Nfe2 Nd3 18. Nb5 Re7 19. Nec3 Nb4 20. Rb2 Rae8 21. Re1 Nd3
22. Rxe7 Qxe7 23. Ra2 Nb4 24. Rb2 Nd7 25. f4 Nd3 26. Ra2 gxf4 27. gxf4 Qh4 28.
Qf1 Nf6 29. h3 Nh5 30. Ne2 Ng3 31. Nxg3 Qxg3 32. Qf3 Qg6 33. Bxa5 Be4 34. Qg4
Qxg4 35. hxg4 Bxg2 36. Nxd6 Bd4+ 37. Kxg2 Re3 38. Nf5 Nxf4+ 39. Kh1 Rh3+ 40.
Rh2 Rxb3 41. Rxh6 Rb1+ 42. Kh2 Be5 43. d6 Rd1 44. Bc7 Rc1 45. Ba5 Rd1 46. Kg3
b6 47. Bxb6 Nd5+ 48. Kf3 Nxb6 49. Ke2 Ra1 50. Ne3 Rxa4 51. Kd3 Bf4 52. Rh3 Bxe3
53. Rxe3 Ra3+ 0-1

[Event "15. Obert Int. Sant Marti 2013"]
[Site "Barcelona ESP"]
[Date "2013.07.16"]
[Round "4.37"]
[White "Anguera Maestro, Jaime"]
[Black "Hernandez, Zaida"]
[Result "1-0"]
[WhiteElo "2180"]
[BlackElo "1998"]
[PlyCount "59"]
[EventDate "2013.07.13"]
[EventType "swiss"]
[EventRounds "9"]
[EventCountry "ESP"]
[SourceTitle "Ajedrez en Madrid"]
[Source "lmi"]
[SourceDate "2013.07.13"]
[SourceVersion "1"]
[SourceVersionDate "2019.06.21"]
[SourceQuality "1"]

1. d4 d5 2. Nf3 c6 3. Bf4 Bf5 4. h3 h6 5. e3 Nf6 6. c4 e6 7. Qb3 Qb6 8. Nc3
Nbd7 9. c5 Qxb3 10. axb3 Ne4 11. b4 Nxc3 12. bxc3 Nf6 13. b5 g5 14. Bh2 Bg7 15.
bxc6 bxc6 16. Ba6 O-O 17. Bb7 a5 18. Bxa8 Rxa8 19. Ne5 Ra6 20. f3 Ne8 21. Nd7
Ra8 22. Nb8 a4 23. Nxc6 Kf8 24. Kd2 Nf6 25. Ra3 Nd7 26. Rha1 Rc8 27. Bd6+ Ke8
28. Ne7 Rd8 29. Rxa4 Bf8 30. Nc6 1-0

[Event "15. Obert Int. Sant Marti 2013"]
[Site "Barcelona ESP"]
[Date "2013.07.16"]
[Round "4.38"]
[White "Pellus Ruiz, Josep"]
[Black "Ridameya Tatche, Jose Miguel"]
[Result "1/2-1/2"]
[WhiteElo "2171"]
[BlackElo "1991"]
[PlyCount "25"]
[EventDate "2013.07.13"]
[EventType "swiss"]
[EventRounds "9"]
[EventCountry "ESP"]
[SourceTitle "Ajedrez en Madrid"]
[Source "lmi"]
[SourceDate "2013.07.13"]
[SourceVersion "1"]
[SourceVersionDate "2019.06.21"]
[SourceQuality "1"]

1. c4 f5 2. g3 Nf6 3. Bg2 e6 4. Nf3 Be7 5. O-O O-O 6. Nc3 d6 7. b3 Qe8 8. d4
Qh5 9. Re1 d5 10. Ne5 c6 11. e3 Qxd1 12. Rxd1 Nbd7 13. Nd3 1/2-1/2

[Event "15. Obert Int. Sant Marti 2013"]
[Site "Barcelona ESP"]
[Date "2013.07.16"]
[Round "4.39"]
[White "Vatkali, Dimitra"]
[Black "Martorell Aguado, Joan"]
[Result "0-1"]
[WhiteElo "1964"]
[BlackElo "2167"]
[PlyCount "66"]
[EventDate "2013.07.13"]
[EventType "swiss"]
[EventRounds "9"]
[EventCountry "ESP"]
[SourceTitle "Ajedrez en Madrid"]
[Source "lmi"]
[SourceDate "2013.07.13"]
[SourceVersion "1"]
[SourceVersionDate "2019.06.21"]
[SourceQuality "1"]

1. d4 Nf6 2. c4 c5 3. d5 e5 4. Nc3 d6 5. e4 Be7 6. Bd3 Nbd7 7. Nge2 O-O 8. Ng3
Ne8 9. h4 a6 10. Be3 g6 11. Qd2 h5 12. Bg5 Ng7 13. O-O-O Nf6 14. f3 Bd7 15. Kb1
Nh7 16. Bxe7 Qxe7 17. Qh6 b5 18. cxb5 axb5 19. Bxb5 Bxb5 20. Nxb5 Rfb8 21. Nc3
Qa7 22. Qd2 Rb6 23. Rc1 Rab8 24. Rc2 Nf6 25. Nf1 Nd7 26. Ne3 Rb4 27. Ka1 c4 28.
Qe2 Nc5 29. Nxc4 Nb3+ 30. Kb1 Nd4 31. Qf1 Qc5 32. Na4 Rxa4 33. Rc1 Qb5 0-1

[Event "15. Obert Int. Sant Marti 2013"]
[Site "Barcelona ESP"]
[Date "2013.07.16"]
[Round "4.40"]
[White "Christiansen, Johan-Sebastian"]
[Black "Cervello I Tost, Roger"]
[Result "1-0"]
[WhiteElo "2155"]
[BlackElo "1954"]
[PlyCount "73"]
[EventDate "2013.07.13"]
[EventType "swiss"]
[EventRounds "9"]
[EventCountry "ESP"]
[SourceTitle "Ajedrez en Madrid"]
[Source "lmi"]
[SourceDate "2013.07.13"]
[SourceVersion "1"]
[SourceVersionDate "2019.06.21"]
[SourceQuality "1"]

1. c4 e5 2. Nc3 Nf6 3. g3 Nc6 4. Bg2 Bc5 5. Nf3 d6 6. O-O Bf5 7. d3 Qd7 8. a3
a5 9. Bg5 Ne7 10. Nh4 c6 11. Nxf5 Qxf5 12. Bxf6 Qxf6 13. Ne4 Qe6 14. Nxc5 dxc5
15. Qb3 O-O 16. Qxb7 Qd6 17. Qb3 Rfb8 18. Qc2 a4 19. e3 Rb3 20. Rfd1 Rd8 21.
Bf3 f5 22. Qe2 Qf6 23. Rd2 f4 24. Rad1 Nf5 25. Be4 Nh6 26. Qf3 g5 27. Bxc6 g4
28. Qe4 f3 29. Bxa4 Rb6 30. b4 cxb4 31. c5 Ra6 32. Bb3+ Kg7 33. axb4 Qg5 34.
Qb7+ Kf8 35. Qxa6 Qh5 36. Qf6+ Ke8 37. Ba4+ 1-0

[Event "15. Obert Int. Sant Marti 2013"]
[Site "Barcelona ESP"]
[Date "2013.07.16"]
[Round "4.41"]
[White "Herms Agullo, Jordi"]
[Black "Carlsen, Ellen Oen"]
[Result "1-0"]
[WhiteElo "2130"]
[BlackElo "1947"]
[PlyCount "73"]
[EventDate "2013.07.13"]
[EventType "swiss"]
[EventRounds "9"]
[EventCountry "ESP"]
[SourceTitle "Ajedrez en Madrid"]
[Source "lmi"]
[SourceDate "2013.07.13"]
[SourceVersion "1"]
[SourceVersionDate "2019.06.21"]
[SourceQuality "1"]

1. e4 c5 2. Nf3 Nc6 3. d4 cxd4 4. Nxd4 Nf6 5. Nc3 e6 6. Ndb5 d6 7. Bf4 e5 8.
Bg5 a6 9. Na3 b5 10. Nd5 Be7 11. Bxf6 Bxf6 12. c3 O-O 13. Nc2 Bg5 14. a4 bxa4
15. Rxa4 a5 16. Bc4 Rb8 17. b3 Be6 18. Nce3 Kh8 19. h4 Bxe3 20. Nxe3 Ne7 21.
Bxe6 fxe6 22. Nc4 Ng6 23. g3 Qf6 24. Rh2 d5 25. Nxa5 Rbd8 26. Qe2 d4 27. c4 Ne7
28. b4 Qh6 29. Qd3 Qh5 30. Ra3 Rf6 31. b5 Rdf8 32. b6 Rf3 33. Qe2 g5 34. Rxf3
Qxf3 35. Qxf3 Rxf3 36. b7 Rf8 37. hxg5 1-0